Simulácia interakcie elektrónového zväzku s polovodičmi metódou Monte Carlo

Gespeichert in:
Bibliographische Detailangaben
1. Verfasser: Kešiar, Matej (Verfasst von)
Weitere Verfasser: Šatka, Alexander (Betreuung Doktorarbeit)
Format: Manuskript Buch
Sprache:Slowakisch
Veröffentlicht: 2018
Schlagworte:
Online-Zugang:http://is.stuba.sk/zp/portal_zp.pl?podrobnosti=117752
Tags: Tag hinzufügen
Keine Tags, Fügen Sie das erste Tag hinzu!

MARC

LEADER 00000ntm a22000003a 4500
001 stuzp61754
003 SK-STU
005 20181128123615.9
007 ta
008 150427s2015----xo-----f-mn---000-0-slo-d
040 |a STU  |b slo 
041 0 |a slo 
044 |a xo 
100 1 |a Kešiar, Matej  |u 033000  |4 aut  |U FEI Fakulta elektrotechniky a informatiky  |T FEI Ústav elektroniky a fotoniky  |X 7799  |U E030  |Y 549  |7 7799 
242 0 1 |a Simulation of electron beam interaction with semiconductors using Monte Carlo method  |y eng 
245 1 0 |a Simulácia interakcie elektrónového zväzku s polovodičmi metódou Monte Carlo 
260 |c 2018 
300 |a 33 s.,   |b CD-ROM 
650 4 |a CUDA  |2 eng 
650 4 |a Monte Carlo  |2 eng 
650 4 |a simulation  |2 eng 
650 4 |a CUDA  |2 slo 
650 4 |a Monte Carlo  |2 slo 
650 4 |a simulácia  |2 slo 
700 1 |a Šatka, Alexander  |u 033000  |k Z1  |4 ths  |U FEI Fakulta elektrotechniky a informatiky  |T FEI Ústav elektroniky a fotoniky  |X 1865  |U E030  |Y 549  |7 A000001865 
856 4 |u http://is.stuba.sk/zp/portal_zp.pl?podrobnosti=117752 
996 |b 284ER02781  |c E*Bc- 2781  |l EE35  |s P  |a 0  |w stuzp61754_0001